banner koha

Feromônio no manejo ecológico do Bicho-Furão (Registro n. 299842)

MARC details
000 -LÍDER
fixed length control field 00988nab a2200313 4500
003 - CÓDIGO MARC DA AGÊNCIA CATALOGADORA
Campo de controle BR-BrBNA
005 - DATA E HORA DA ÚLTIMA ATUALIZAÇÃO
Campo de controle 20240529113118.0
008 - CAMPO DE TAMANHO FIXO
fixed length control field 240529b bl.||||| |||| 00| 0 por d
040 ## - FONTE DA CATALOGAÇÃO
Agência catalogadora BR-BrBNA
Idioma da catalogação por
072 ## - CATEGORIA AGRIS
Código AGRIS H10 ; H01 ; P01
Código do objeto 3882 ; 4020
100 ## - ENTRADA PRINCIPAL - NOME PESSOAL
Nome pessoal Gravena, Santin
100 ## - ENTRADA PRINCIPAL - NOME PESSOAL
Nome pessoal Benvenga, Sérgio Roberto
245 ## - TÍTULO PRINCIPAL
Título principal Feromônio no manejo ecológico do Bicho-Furão
Subtítulo Manejo
500 ## - NOTA GERAL
Nota geral 3 illus.; 1 table
942 ## - ADDED ENTRY ELEMENTS (KOHA)
Koha item type
650 ## - ASSUNTO - THESAGRO
Cabeçalho tópico ou nome geográfico CITRICULTURA
650 ## - ASSUNTO - THESAGRO
Cabeçalho tópico ou nome geográfico BICHO-FURÃO
650 ## - ASSUNTO - THESAGRO
Cabeçalho tópico ou nome geográfico INSETO
650 ## - ASSUNTO - THESAGRO
Cabeçalho tópico ou nome geográfico PRAGA DE PLANTA
650 ## - ASSUNTO - THESAGRO
Cabeçalho tópico ou nome geográfico INSPEÇÃO VEGETAL
650 ## - ASSUNTO - THESAGRO
Cabeçalho tópico ou nome geográfico SINTOMA
650 ## - ASSUNTO - THESAGRO
Cabeçalho tópico ou nome geográfico PROFILAXIA
650 ## - ASSUNTO - THESAGRO
Cabeçalho tópico ou nome geográfico FEROMÔNIO
650 ## - ASSUNTO - THESAGRO
Cabeçalho tópico ou nome geográfico ARMADILHA
650 ## - ASSUNTO - THESAGRO
Cabeçalho tópico ou nome geográfico ISCA
650 ## - ASSUNTO - THESAGRO
Cabeçalho tópico ou nome geográfico INSETICIDA PIRETRÓIDE
773 0# - ENTRADA ANALÍTICA
Host Biblionumber 4769
Registro do item 314627
Imprenta Bebedouro - SP Grupo Técnico de Assistência e Consultoria em Citrus 2001
Outro identificador 2024-0879
Título Ciência e Pratica (Brazil)
Colação v. 6(20) p. 26; (Jan-Mar 2006)
Número de controle de registro BR2024001234

Nenhum exemplar disponível.

BINAGRI

Telefone: (61)3218-2567/2388/3357/2097 - binagri@agro.gov.br

Ministério da Agricultura e Pecuária , Esplanada dos Ministérios, Bloco D, Anexo B, Brasília/DF, CEP: 70.043-900